00817nam a2200217 a 450000100060000000300080000600500170001400800410003103500130007203500190008504000270010404100080013108200150013910000300015424501870018426000450037130000340041650000610045065000520051170000360056322726BD-RjUL20211209000837.0140309s1952 enk 000 0 eng u a04-02605 a(BD-RjUL)22791 aKSUdm.cbengcBD-RjUL aeng a823.4bBUP1 aBunyan, John,d1628-1688.14aThe pilgrim's progress /cby John Bunyan ; illustrated with 25 drawings on wood by George Cruickshank from the collection of Edwin Truman ; with biographical introduction and indexes aLondon ;aNew York :bH. Frowde,c1952. axlvi, 382 p. :bill. ;c26 cm a"One thousand copies have been printed of this edition." aChristian pilgrims and pilgrimages -- Fiction. 1 aCruikshank, George,d1792-1878.